Normal view
MARC view
- Ahmad Hussain Naseem
Entry Personal Name
001 - CONTROL NUMBER
- control field: 105974
003 - CONTROL NUMBER IDENTIFIER
- control field: NUST
005 - DATE AND TIME OF LATEST TRANSACTION
- control field: 20221226150523.0
008 - FIXED-LENGTH DATA ELEMENTS
- fixed length control field: 221226|| aca||aabn | a|a d
040 ## - CATALOGING SOURCE
- Original cataloging agency: NUST
- Transcribing agency: NUST
100 ## - HEADING--PERSONAL NAME
- Personal name: Ahmad Hussain Naseem
670 ## - SOURCE DATA FOUND
- Source citation: Work cat.: (NUST)9265: Ahmad Hussain Naseem., Automation of NIIT inventory management system , 2002.
